Países mais Próximo a Estados Unidos por Continente - Statistics

Estatísticas Gerais
  • Esse quiz foi jogado 586 vezes
  • A pontuação média é 25 de 30
Estatísticas das Respostas
Continent Distance Country % Correto
América do Norte 0 km Canadá
99%
América do Norte 0 km México
98%
América do Sul 2840 km Brasil
96%
América do Sul 1695 km Colômbia
95%
Europa 2982 km Portugal
94%
América do Sul 1805 km Venezuela
94%
Europa 4532 km Espanha
93%
Europa 4114 km Reino Unido
92%
Ásia 4 km Rússia
92%
América do Norte 150 km Cuba
91%
América do Sul 2595 km Equador
91%
América do Sul 2826 km Peru
90%
Ásia 2679 km China
89%
Ásia 2199 km Japão
89%
África 5089 km Marrocos
89%
Ásia 3703 km Coréia do Sul
84%
Europa 4048 km Irlanda
84%
Europa 3262 km Islândia
84%
Ásia 3288 km Coréia do Norte
83%
América do Norte 85 km Bahamas
82%
África 5379 km Argélia
75%
América do Norte 758 km Jamaica
74%
Oceânia 4039 km Samoa
67%
África 4949 km Cabo Verde
66%
África 5682 km Senegal
66%
Oceânia 4001 km Tuvalu
65%
Oceânia 3424 km Ilhas Marshall
64%
Oceânia 1666 km Kiribati
64%
África 5274 km Mauritânia
64%
Oceânia 4347 km Nauru
58%
Nenhum quiz correspondente encontrado
Distribuição das Pontuações
Porcentagem de Pessoas com Cada Pontuação
Percentil de Números Respondidos
Sua Pontuação Histórica
Você não jogou esse quiz